Els Consells de comtat a Anglaterra / Steve Martin
ISBN:
978-84-9803-367-0
Publicado:
Barcelona :
Diputació de Barcelona. Àrea de Presidència. Direcció d'Estudis i Prospectiva, Centre per a la Innovació Local ,
2010
Descripción Física:
51 p. ; 24 cm
Colección:
Estudis. Govern local ; 15
Materias:
Administració local -- Anglaterra
MARC
| LEADER | 00000nam a2200000Ia 4500 | ||
|---|---|---|---|
| 001 | 22516 | ||
| 008 | 160829s2010 xx 000 0 cat d | ||
| 020 | |a 978-84-9803-367-0 | ||
| 080 | |a M-5-131 | ||
| 100 | |a Martin, Steve |9 43971 | ||
| 245 | |a Els Consells de comtat a Anglaterra / Steve Martin | ||
| 260 | |a Barcelona : |b Diputació de Barcelona. Àrea de Presidència. Direcció d'Estudis i Prospectiva, Centre per a la Innovació Local, |c 2010 | ||
| 300 | |a 51 p. ; |c 24 cm | ||
| 490 | |a Estudis. Govern local ; 15 | ||
| 590 | |a Bibliografia | ||
| 650 | 0 | |a Administració local |z Anglaterra |9 36186 | |
| 710 | 2 | |a Centre per a la Innovació Local |9 54171 | |
| 710 | 1 | |a Barcelona (Catalunya : Província). |b Direcció d'Estudis i Prospectiva |9 54963 | |
| 901 | |a Arxiu | ||
| 942 | |n 1 | ||
| 952 | |0 0 |1 0 |4 0 |6 M5131 |7 1 |9 51709 |a Arxiu |b Arxiu |d 2016-12-01 |l 0 |o M-5-131 |p 22516 |r 2016-12-01 00:00:00 |w 2016-12-01 |y ARXIU | ||
| 999 | |c 55555 |d 55555 | ||